000 01219nam a2200301 i 4500
001 24373
003 ES-MaACL
005 20250804062555.0
007 t|
008 021217m19751979sp |||| | spa d
020 _a84-206-1990-6
245 0 4 _aLos anarquistas /
_cselección e introducción de Irving Louis Horowitz ; [traductores, Joaquina Aguilar López, María Esther Benítez, José Fernández Sánchez].
260 _aMadrid :
_bAlianza Editorial,
_c[1975-1979]
300 _a2 v. ;
_c18 cm.
490 1 _aEl libro de bolsillo. Humanidades ;
_v574, 629
505 8 _aContiene: 1. La teoría - 2. La práctica. Apéndice: El anarquismo en España / por José Álvarez Junco.
650 7 _aAnarquismo
_2embne
_99783
650 4 _aAnarquismo-
_zEspaña.
_99790
700 1 _aHorowitz, Irving Louis.
_964241
700 1 _aAguilar López, Joaquina.
_918731
700 1 _aBenítez, Esther,
_d1937-2001
_927600
700 1 _aFernández Sánchez, José,
_d1925-2011
_9152297
700 _aÁlvarez Junco, José,
_d1942-
_9237536
740 3 2 _aEl anarquismo en España.
830 1 3 _aEl libro de bolsillo.
_pHumanidades
_v574, 629
_9178672
852 _aES-MaACL
_jL-2370-71
999 _c24373
_d24373